| 000 | 00813nam a2200217Ia 4500 | ||
|---|---|---|---|
| 999 |
_c40944 _d40944 |
||
| 001 | 7591 | ||
| 003 | GE_BSU | ||
| 005 | 20231225165325.0 | ||
| 008 | 181216s1960||||ge |||||||||||||| ||geo|| | ||
| 040 | _cGE_BSU | ||
| 041 | _ageo | ||
| 080 | _a821.353.1-31 დ-74 | ||
| 100 |
_aდონჟაშვილი, თინა _920879 |
||
| 245 |
_aალაზანზე : _bრომანი / _cთინა დონჟაშვილი ; რედ. ბ. მირცხულავა. |
||
| 264 |
_aთბილისი : _bსაბჭოთა საქართველო, _c1960. |
||
| 300 |
_a461გვ. ; _c20 სმ. |
||
| 653 | _aალაზანზე | ||
| 653 | _aრომანი | ||
| 700 |
_aმირცხულავა, ბ. _eრედაქტორი _920880 |
||
| 942 |
_cBK _2udc |
||